000 00672nam a22002057a 4500
005 20111227164049.0
020 _a9780431932859
037 _bPUB
100 _aBarraclough, Sue
_937721
245 _aPlants /
_cby Sue Barrachlough; edited by Sarah Shannon, Catherine Clarke (and) Laura Knowles
260 _aLondon
_bHeinemann Library
_c2009
270 _a7 Pilgrim Street
_bLondon
300 _a32p.
_c23cm(Hb)
_bphotos
490 _aInvestigate
_937722
700 _a Shannon, Sarah
_937712
700 _a Clarke, Catherine
_937713
700 _a Knowles, Laura
_937714
942 _2ddc
_cCH
_mBAR
999 _c60043
_d60043